[Event "Quebec Montcalm op 4 2016-17"]
[Site "Quebec"]
[Date "2017.01.19"]
[Round "2"]
[White "Beaudoin, Stephane"]
[Black "Lamontagne, Danny"]
[Result "1-0"]
[WhiteElo "2105"]
[BlackElo "1917"]
[PlyCount "45"]
[EventDate "2017.01.12"]
[EventType "swiss"]
[EventRounds "5"]
[EventCountry "CAN"]
[SourceTitle "EXT 2022"]
[Source "ChessBase"]
[SourceDate "2021.10.06"]
[SourceVersion "1"]
[SourceVersionDate "2021.10.06"]
[SourceQuality "1"]

1. e4 c5 2. Nf3 g6 3. Bc4 Nc6 4. 0-0 Bg7 5. c3 e6 6. d4 cxd4 7. Bf4 e5 8. Bg3 Nge7 9. cxd4 exd4 10. Nbd2 0-0 11. Bd6 Na5 12. Rc1 Nxc4 13. Nxc4 b5 14. Nce5 Bb7 15. Qd3 Re8 16. Qb3 Rf8 17. Rc7 Bc6 18. Rc1 Bf6 19. Nxc6 Nxc6 20. e5 Bg7 21. Qd5 Re8 22. R1xc6 Re6 23. Rc1 1-0

[Event "Quebec Montcalm op 4 2015-16"]
[Site "Quebec"]
[Date "2016.02.11"]
[Round "5"]
[White "Gaulin, Gaetan"]
[Black "Beaudoin, Stephane"]
[Result "0-1"]
[WhiteElo "2020"]
[BlackElo "2153"]
[PlyCount "88"]
[EventDate "2016.01.14"]
[EventType "swiss"]
[EventRounds "5"]
[EventCountry "CAN"]
[SourceTitle "EXT 2022"]
[Source "ChessBase"]
[SourceDate "2021.10.06"]
[SourceVersion "1"]
[SourceVersionDate "2021.10.06"]
[SourceQuality "1"]

1. c4 Nf6 2. Nc3 g6 3. g3 Bg7 4. Bg2 0-0 5. Nf3 d6 6. d4 c6 7. 0-0 Nbd7 8. b3 Qa5 9. Qd2 Re8 10. Bb2 Nf8 11. Rfd1 Qh5 12. Qg5 e5 13. Qxh5 Nxh5 14. dxe5 dxe5 15. e4 f5 16. h3 Ne6 17. Kh2 Nd4 18. Rd3 fxe4 19. Nxe4 Bf5 20. Nxd4 exd4 21. f3 Rad8 22. Rad1 c5 23. b4 b6 24. bxc5 bxc5 25. Ba3 Bxe4 26. fxe4 Rc8 27. Bf3 Nf6 28. Re1 Nd7 29. Bg4 Ne5 30. Bxc8 Nxd3 31. Bd7 Re7 32. Rd1 Ne5 33. Ba4 Rc7 34. Kg2 Bh6 35. Bb5 Kg7 36. Ba6 Be3 37. Bc1 Bxc1 38. Rxc1 Nd3 39. Rd1 Nb4 40. Bb5 Nxa2 41. Re1 Kf6 42. e5+ Ke6 43. g4 Nc3 44. Ba6 d3 0-1

[Event "Charlesbourg Alekhine op"]
[Site "Charlesbourg"]
[Date "2014.09.15"]
[Round "3"]
[White "Tremblay, Rejean"]
[Black "Beaudoin, Stephane"]
[Result "1/2-1/2"]
[WhiteElo "2198"]
[BlackElo "2153"]
[PlyCount "78"]
[EventDate "2014.09.01"]
[EventType "swiss"]
[EventRounds "5"]
[EventCountry "CAN"]
[SourceTitle "EXT 2016"]
[Source "ChessBase"]
[SourceDate "2015.10.08"]
[SourceVersion "1"]
[SourceVersionDate "2015.10.08"]
[SourceQuality "1"]

1. d4 Nf6 2. c4 g6 3. Nc3 Bg7 4. Nf3 0-0 5. g3 d6 6. Bg2 Nbd7 7. 0-0 e5 8. h3 c6 9. e4 Re8 10. d5 Qe7 11. Be3 cxd5 12. cxd5 b6 13. Qc2 Ba6 14. Rfd1 Rec8 15. Nd2 Rc7 16. Qa4 Bd3 17. Ndb1 Bxb1 18. Raxb1 Nc5 19. Qa3 Qe8 20. b4 Nb7 21. Rbc1 Nh5 22. Bf3 f5 23. Bxh5 f4 24. Bg4 fxe3 25. fxe3 a5 26. bxa5 Nxa5 27. Qxd6 Re7 28. Ne2 Bh6 29. Rd3 b5 30. Be6+ Kh8 31. Ra3 Rea7 32. Rxa5 Rxa5 33. Rc7 Bg7 34. Rxg7 Kxg7 35. Qxe5+ Kh6 36. h4 Rxa2 37. Qf4+ Kg7 38. Qe5+ Kh6 39. Qf4+ Kg7 1/2-1/2

[Event "Charlesbourg CC-ch"]
[Site "Charlesbourg"]
[Date "2014.05.12"]
[Round "3"]
[White "Tremblay Alix, Eric"]
[Black "Beaudoin, Stephane"]
[Result "0-1"]
[WhiteElo "1934"]
[BlackElo "2151"]
[PlyCount "78"]
[EventDate "2014.04.28"]
[EventType "tourn"]
[EventRounds "5"]
[EventCountry "CAN"]
[SourceTitle "EXT 2022"]
[Source "ChessBase"]
[SourceDate "2021.10.06"]
[SourceVersion "1"]
[SourceVersionDate "2021.10.06"]
[SourceQuality "1"]

1. c4 Nf6 2. Nf3 g6 3. e3 Bg7 4. Nc3 0-0 5. d4 d5 6. b3 c5 7. Bb2 a6 8. Be2 dxc4 9. bxc4 cxd4 10. Nxd4 Nbd7 11. Qc2 Nc5 12. Rd1 Bd7 13. 0-0 Rc8 14. Nb3 Qc7 15. Nd5 Nxd5 16. Rxd5 Nxb3 17. axb3 Bc6 18. Rd2 Qa5 19. f4 Be4 20. Bd3 Bxb2 21. Bxe4 Bg7 22. Rf3 Rcd8 23. Rdf2 Rd7 24. f5 Rfd8 25. Rf1 Qe5 26. Bd5 e6 27. fxe6 fxe6 28. Be4 Rd2 29. Bxg6 Rxc2 30. Bxc2 Rd2 31. Bb1 Qb2 32. Rg3 Qxb3 33. Rh3 h6 34. Bg6 Rd1 35. Rhf3 Rxf1+ 36. Rxf1 Qxe3+ 37. Kh1 Qe2 38. Rb1 Qxc4 39. Rd1 Bd4 0-1

[Event "Charlesbourg CC-ch"]
[Site "Charlesbourg"]
[Date "2014.04.28"]
[Round "1"]
[White "Beaudoin, Stephane"]
[Black "Glode, Martin"]
[Result "1-0"]
[WhiteElo "2151"]
[BlackElo "1888"]
[PlyCount "53"]
[EventDate "2014.04.28"]
[EventType "tourn"]
[EventRounds "5"]
[EventCountry "CAN"]
[SourceTitle "EXT 2022"]
[Source "ChessBase"]
[SourceDate "2021.10.06"]
[SourceVersion "1"]
[SourceVersionDate "2021.10.06"]
[SourceQuality "1"]

1. e4 d6 2. d4 Nf6 3. Nc3 e5 4. Nf3 Nbd7 5. Bc4 Be7 6. Bxf7+ Kxf7 7. Ng5+ Kg8 8. Ne6 Qe8 9. Nxc7 Qg6 10. 0-0 Rb8 11. f4 Qh5 12. Qd3 exd4 13. N3d5 Bd8 14. f5 Nxd5 15. Nxd5 Nf6 16. Qxd4 Nxd5 17. Qxd5+ Qf7 18. Qxd6 Bc7 19. Qd3 Bd7 20. Bg5 h6 21. Bh4 Re8 22. Bf2 Bc6 23. Rae1 Kh7 24. Bd4 Rd8 25. c3 Rhe8 26. Qc2 Be5 27. Bxa7 1-0

[Event "Charlesbourg Khalif"]
[Site "Charlesbourg"]
[Date "2014.04.07"]
[Round "3"]
[White "Tremblay, Rejean"]
[Black "Beaudoin, Stephane"]
[Result "0-1"]
[WhiteElo "2199"]
[BlackElo "2044"]
[PlyCount "98"]
[EventDate "2014.03.24"]
[EventType "swiss"]
[EventRounds "5"]
[EventCountry "CAN"]
[SourceTitle "EXT 2022"]
[Source "ChessBase"]
[SourceDate "2021.10.06"]
[SourceVersion "1"]
[SourceVersionDate "2021.10.06"]
[SourceQuality "1"]

1. d4 Nf6 2. c4 g6 3. Nc3 Bg7 4. e4 d6 5. Be2 0-0 6. Nf3 c5 7. 0-0 cxd4 8. Nxd4 Nc6 9. Be3 Bd7 10. Rc1 a6 11. a3 Rc8 12. Nxc6 Bxc6 13. f3 Ne8 14. b4 Bd7 15. Nd5 Bc6 16. Nb6 Rb8 17. Qb3 Nc7 18. a4 Ne6 19. Rcd1 Nf4 20. Bxf4 Qxb6+ 21. Be3 Qc7 22. a5 Bd7 23. Bb6 Qc8 24. Rc1 Be6 25. Qe3 Qe8 26. b5 Rc8 27. Rfd1 Bb2 28. Rc2 Bg7 29. Kh1 axb5 30. c5 b4 31. Bc4 Bxc4 32. Rxc4 Qb5 33. Qb3 dxc5 34. Rd5 e6 35. Rd1 Rc6 36. h3 Rfc8 37. f4 Rxb6 38. axb6 Qxb6 39. Rc2 Qc6 40. e5 Qe4 41. Rc4 Qe2 42. Rdc1 Bh6 43. Qa4 Qd2 44. Rd1 b5 45. Qa1 Qe3 46. Qa6 Rf8 47. Qxb5 Qe2 48. Ra1 Bxf4 49. Qxc5 Bxe5 0-1

[Event "Charlesbourg Capablanca"]
[Site "Charlesbourg"]
[Date "2014.01.13"]
[Round "2"]
[White "Beaudoin, Stephane"]
[Black "Bahadi, Khalid"]
[Result "0-1"]
[WhiteElo "2020"]
[BlackElo "2011"]
[PlyCount "110"]
[EventDate "2014.01.06"]
[EventType "swiss"]
[EventRounds "5"]
[EventCountry "CAN"]
[SourceTitle "EXT 2022"]
[Source "ChessBase"]
[SourceDate "2021.10.06"]
[SourceVersion "1"]
[SourceVersionDate "2021.10.06"]
[SourceQuality "1"]

1. e4 e5 2. Bc4 Nf6 3. d3 Bc5 4. Nf3 d6 5. 0-0 Bg4 6. h3 Bh5 7. c3 Nc6 8. Nbd2 a6 9. Re1 h6 10. Nf1 g5 11. Ng3 Bg6 12. d4 exd4 13. e5 dxe5 14. Nxe5 Nxe5 15. Rxe5+ Be7 16. Qf3 Qd6 17. cxd4 0-0-0 18. Be3 Nd7 19. Nf5 Bxf5 20. Rxf5 f6 21. Rc1 Kb8 22. b4 Qxb4 23. Bd3 Nb6 24. Be4 Rd6 25. Bxb7 Nc4 26. Be4 Nxe3 27. fxe3 Rb6 28. Rd5 Bd6 29. a4 Qa3 30. Re1 Qc3 31. Rd1 Rb3 32. Bd3 Rf8 33. Bxa6 f5 34. Rb5+ Rxb5 35. axb5 c6 36. bxc6 Kc7 37. Rb1 Bb4 38. d5 Bc5 39. Rb7+ Kd6 40. Rd7+ Ke5 41. Kh2 Kf6 42. Qh5 Qe5+ 43. g3 Qb2+ 44. Be2 Ke5 45. c7 g4 46. Qxh6 Qxe2+ 47. Kh1 Qf1+ 48. Kh2 Qf2+ 49. Kh1 Ke4 50. hxg4 Ra8 51. Qe6+ Kf3 52. Qxf5+ Kxe3 53. Qxf2+ Kxf2 54. Rd8 Ra7 55. Rd7 Kxg3 0-1

[Event "Charlesbourg Millenium"]
[Site "Charlesbourg"]
[Date "2013.10.14"]
[Round "2"]
[White "Beaudoin, Stephane"]
[Black "Servant, Michel"]
[Result "0-1"]
[WhiteElo "2043"]
[BlackElo "1675"]
[PlyCount "79"]
[EventDate "2013.10.07"]
[EventType "swiss"]
[EventRounds "5"]
[EventCountry "CAN"]
[SourceTitle "EXT 2022"]
[Source "ChessBase"]
[SourceDate "2021.10.06"]
[SourceVersion "1"]
[SourceVersionDate "2021.10.06"]
[SourceQuality "1"]

1. e4 c5 2. Nf3 a6 3. d4 cxd4 4. Nxd4 e6 5. Bd3 Qc7 6. 0-0 b5 7. a4 Nc6 8. Nxc6 dxc6 9. axb5 Bd6 10. f4 Qb6+ 11. Kh1 cxb5 12. Nc3 Bb7 13. Qe2 Ne7 14. Bd2 0-0 15. e5 Bb4 16. Be3 Qc7 17. Ne4 Nf5 18. Rf3 Bxe4 19. Bxe4 Rad8 20. Bxf5 exf5 21. Qf2 Rd5 22. h3 Rfd8 23. c3 Rd1+ 24. Rxd1 Rxd1+ 25. Kh2 Be7 26. Qc2 Qd7 27. Bd4 Ra1 28. Rd3 Qe6 29. Bf2 Ra2 30. Qd2 h6 31. Qe2 Qc4 32. Qf3 Rxb2 33. Rd7 Qe6 34. Ra7 Ra2 35. Bd4 Bh4 36. Rc7 Qg6 37. Rc6 Bg3+ 38. Kh1 Ra1+ 39. Bg1 Rf1 40. Rc8+ 0-1

[Event "Charlesbourg Alekhine"]
[Site "Charlesbourg"]
[Date "2013.09.09"]
[Round "2"]
[White "Poulin, Claude"]
[Black "Beaudoin, Stephane"]
[Result "0-1"]
[WhiteElo "1750"]
[BlackElo "2043"]
[PlyCount "80"]
[EventDate "2013.09.02"]
[EventType "swiss"]
[EventRounds "5"]
[EventCountry "CAN"]
[SourceTitle "EXT 2022"]
[Source "ChessBase"]
[SourceDate "2021.10.06"]
[SourceVersion "1"]
[SourceVersionDate "2021.10.06"]
[SourceQuality "1"]

1. c4 Nf6 2. g3 g6 3. Bg2 Bg7 4. Nf3 0-0 5. 0-0 d6 6. d3 e5 7. Nc3 Nc6 8. a3 Bg4 9. h3 Be6 10. Bd2 h6 11. b4 Qd7 12. Kh2 g5 13. b5 Ne7 14. Qc1 g4 15. Ng1 gxh3 16. Bxh3 Bxh3 17. Nxh3 d5 18. Kg2 d4 19. Ne4 Nxe4 20. dxe4 Qg4 21. f3 Qg6 22. Rh1 f5 23. Nf2 Rf6 24. Rb1 Raf8 25. exf5 Nxf5 26. Ne4 R6f7 27. c5 d3 28. e3 Nxg3 29. Nxg3 Rxf3 30. Be1 d2 31. Qxd2 Qxb1 32. Qd5+ Kh7 33. Ne4 R3f5 34. Ng3 Qc2+ 35. Kh3 Rf3 36. e4 Rd3 37. Qxb7 Qd1 38. Kh2 Rf4 39. Kg2 Qf3+ 40. Kg1 Rd1 0-1

[Event "Charlesbourg Alekhine"]
[Site "Charlesbourg"]
[Date "2013.09.02"]
[Round "1"]
[White "Beaudoin, Stephane"]
[Black "Gaudreau, Eric"]
[Result "1-0"]
[WhiteElo "2043"]
[BlackElo "1642"]
[PlyCount "45"]
[EventDate "2013.09.02"]
[EventType "swiss"]
[EventRounds "5"]
[EventCountry "CAN"]
[SourceTitle "EXT 2022"]
[Source "ChessBase"]
[SourceDate "2021.10.06"]
[SourceVersion "1"]
[SourceVersionDate "2021.10.06"]
[SourceQuality "1"]

1. e4 c6 2. d4 d5 3. Nc3 dxe4 4. Nxe4 Bf5 5. Ng3 Bg6 6. Nf3 Nd7 7. Bc4 e6 8. 0-0 Ngf6 9. Qe2 Nb6 10. Bb3 Nbd5 11. Bg5 Be7 12. c4 Nc7 13. Rad1 0-0 14. Ne5 a5 15. a3 Na6 16. h4 Qb6 17. Ba2 Rad8 18. h5 Bf5 19. Nxf5 exf5 20. h6 g6 21. Nxg6 hxg6 22. Qxe7 c5 23. Qxf6 1-0

[Event "Charlesbourg Keres"]
[Site "Charlesbourg"]
[Date "2013.04.01"]
[Round "2"]
[White "Tremblay, Rejean"]
[Black "Beaudoin, Stephane"]
[Result "1-0"]
[WhiteElo "2211"]
[BlackElo "2006"]
[PlyCount "75"]
[EventDate "2013.03.25"]
[EventType "swiss"]
[EventRounds "5"]
[EventCountry "CAN"]
[SourceTitle "EXT 2022"]
[Source "ChessBase"]
[SourceDate "2021.10.06"]
[SourceVersion "1"]
[SourceVersionDate "2021.10.06"]
[SourceQuality "1"]

1. d4 Nf6 2. c4 g6 3. Nf3 Bg7 4. Nc3 0-0 5. e4 d6 6. Be2 c5 7. d5 Na6 8. h3 Nc7 9. 0-0 a6 10. a4 Rb8 11. Bd2 Bd7 12. Qb3 b5 13. axb5 axb5 14. cxb5 Nxb5 15. Nxb5 Bxb5 16. Bxb5 Qb6 17. Ra5 Nxe4 18. Qa4 Nxd2 19. Nxd2 Qb7 20. Qa2 Qc8 21. Re1 Qf5 22. Ne4 Bd4 23. Re2 Rb6 24. Qc4 Be5 25. b3 Rfb8 26. Nd2 Bf4 27. Nf3 Bh6 28. Rxe7 Bg7 29. Qe2 Bc3 30. Re8+ Kg7 31. Rxb8 Rxb8 32. Ra7 Qb1+ 33. Kh2 Qxb3 34. Qe6 Rf8 35. Be8 Qb4 36. Rxf7+ Rxf7 37. Qxf7+ Kh6 38. g4 1-0

[Event "Charlesbourg Millenium"]
[Site "Charlesbourg"]
[Date "2012.11.26"]
[Round "2"]
[White "Beaudoin, Stephane"]
[Black "Arteau, Benoit"]
[Result "1/2-1/2"]
[WhiteElo "2025"]
[BlackElo "1863"]
[PlyCount "63"]
[EventDate "2012.11.19"]
[EventType "swiss"]
[EventRounds "5"]
[EventCountry "CAN"]
[SourceTitle "EXT 2022"]
[Source "ChessBase"]
[SourceDate "2021.10.06"]
[SourceVersion "1"]
[SourceVersionDate "2021.10.06"]
[SourceQuality "1"]

1. e4 b6 2. d4 Bb7 3. Bd3 e6 4. Nf3 Nf6 5. Qe2 Be7 6. 0-0 c5 7. c3 Nc6 8. e5 Nd5 9. dxc5 bxc5 10. a3 f5 11. c4 Nb6 12. Nc3 0-0 13. Nb5 Na5 14. Bd2 Nb3 15. Rad1 Nxd2 16. Rxd2 Bc6 17. Nc3 g5 18. h3 Qe8 19. Nh2 Qg6 20. Rfd1 h5 21. g4 hxg4 22. hxg4 Qh6 23. gxf5 exf5 24. Nd5 Nxd5 25. cxd5 Bxd5 26. Bc4 Bxc4 27. Qxc4+ Qe6 28. Qa4 Rfd8 29. Rxd7 Rxd7 30. Rxd7 a6 31. Qd1 Rb8 32. Ra7 1/2-1/2

[Event "Charlesbourg Alekhine"]
[Site "Charlesbourg"]
[Date "2012.09.10"]
[Round "2"]
[White "Beaudoin, Stephane"]
[Black "Arteau, Benoit"]
[Result "1/2-1/2"]
[WhiteElo "2072"]
[BlackElo "1817"]
[PlyCount "38"]
[EventDate "2012.09.03"]
[EventType "swiss"]
[EventRounds "5"]
[EventCountry "CAN"]
[SourceTitle "EXT 2022"]
[Source "ChessBase"]
[SourceDate "2021.10.06"]
[SourceVersion "1"]
[SourceVersionDate "2021.10.06"]
[SourceQuality "1"]

1. e4 b6 2. d4 Bb7 3. Bd3 e6 4. Nf3 c5 5. c3 Nf6 6. Qe2 Be7 7. 0-0 Nc6 8. a3 Na5 9. Nbd2 c4 10. Bc2 Qc7 11. e5 Nd5 12. Ne4 Nb3 13. Rb1 Nxc1 14. Rbxc1 f5 15. Ng3 0-0 16. Qd2 Qc6 17. h4 b5 18. Nh5 a5 19. Nf4 Rfc8 1/2-1/2

[Event "Charlesbourg Festival"]
[Site "Charlesbourg"]
[Date "2012.06.18"]
[Round "3"]
[White "Beaudoin, Stephane"]
[Black "Fecteau, Martin"]
[Result "1-0"]
[WhiteElo "2067"]
[BlackElo "1975"]
[PlyCount "143"]
[EventDate "2012.06.04"]
[EventType "swiss"]
[EventRounds "5"]
[EventCountry "CAN"]
[SourceTitle "EXT 2022"]
[Source "ChessBase"]
[SourceDate "2021.10.06"]
[SourceVersion "1"]
[SourceVersionDate "2021.10.06"]
[SourceQuality "1"]

1. e4 c5 2. Nf3 d6 3. d4 cxd4 4. Nxd4 Nf6 5. Nc3 a6 6. g3 g6 7. Bg2 Bg7 8. 0-0 0-0 9. Bg5 Nbd7 10. Qd2 Qc7 11. Rad1 Nb6 12. b3 Bd7 13. Nb1 Rac8 14. c4 Rfd8 15. Nc3 Be8 16. Bh6 Bh8 17. h3 Bd7 18. Rfe1 Bg7 19. Bg5 e5 20. Nc2 Be6 21. Ne3 h6 22. Bxf6 Bxf6 23. a4 Bg5 24. h4 Bxe3 25. Qxe3 Kg7 26. Qd2 Qc5 27. Kh2 Na8 28. f4 Bg4 29. Rc1 Nc7 30. Nd5 Ne6 31. f5 Nd4 32. f6+ Kh7 33. Re3 Be6 34. Bh3 Bxh3 35. Kxh3 Rb8 36. Kg2 Qc8 37. Qd1 Qe6 38. Qf1 Qg4 39. a5 g5 40. Qd1 Qxd1 41. Rxd1 gxh4 42. Ne7 b5 43. axb6 Rxb6 44. Rf1 Rdb8 45. gxh4 Rxb3 46. Rxb3 Rxb3 47. Ra1 Rb6 48. Kh3 Ne6 49. Ra3 Nf4+ 50. Kg4 Ne6 51. Kf3 Nc5 52. Nc8 Rc6 53. Ne7 Rc7 54. h5 Rb7 55. Nc8 Rc7 56. Nxd6 Rd7 57. Nf5 Rd3+ 58. Rxd3 Nxd3 59. Nd6 Kg8 60. Ke3 Nc5 61. Kd2 Nd7 62. Kc3 Nxf6 63. c5 Kf8 64. c6 Ne8 65. Nf5 Nc7 66. Nxh6 Kg7 67. Nf5+ Kf6 68. Kb4 Kg5 69. h6 Kg6 70. Ka5 Ne6 71. Kxa6 Nc5+ 72. Kb6 1-0

[Event "Charlesbourg Festival"]
[Site "Charlesbourg"]
[Date "2012.06.04"]
[Round "1"]
[White "Beaudoin, Stephane"]
[Black "Cote, Jocelyn"]
[Result "1-0"]
[WhiteElo "2067"]
[BlackElo "1720"]
[PlyCount "51"]
[EventDate "2012.06.04"]
[EventType "swiss"]
[EventRounds "5"]
[EventCountry "CAN"]
[SourceTitle "EXT 2022"]
[Source "ChessBase"]
[SourceDate "2021.10.06"]
[SourceVersion "1"]
[SourceVersionDate "2021.10.06"]
[SourceQuality "1"]

1. e4 g6 2. Nf3 Bg7 3. Bc4 Nf6 4. e5 Nh5 5. d4 d5 6. Bd3 0-0 7. Ng5 Bh8 8. Nxh7 Kxh7 9. Qxh5+ Kg8 10. Qh4 c5 11. c3 cxd4 12. cxd4 Nc6 13. Nd2 Qa5 14. 0-0 Qb4 15. Nf3 Bg7 16. Bd2 Qb6 17. Bh6 Rd8 18. Rad1 Nxd4 19. Nxd4 Bxh6 20. Qxh6 Bg4 21. e6 Bxd1 22. Bxg6 fxg6 23. Qxg6+ Kh8 24. Qh6+ Kg8 25. Nf5 Qxb2 26. Nxe7# 1-0

[Event "Charlesbourg Zukertort"]
[Site "Charlesbourg"]
[Date "2012.05.28"]
[Round "5"]
[White "Beaudoin, Stephane"]
[Black "Bahadi, Khalid"]
[Result "1-0"]
[WhiteElo "2089"]
[BlackElo "1855"]
[PlyCount "117"]
[EventDate "2012.04.30"]
[EventType "swiss"]
[EventRounds "5"]
[EventCountry "CAN"]
[SourceTitle "EXT 2022"]
[Source "ChessBase"]
[SourceDate "2021.10.06"]
[SourceVersion "1"]
[SourceVersionDate "2021.10.06"]
[SourceQuality "1"]

1. e4 e5 2. Bc4 Nf6 3. d3 Bc5 4. Nf3 Nc6 5. 0-0 d6 6. c3 Bg4 7. Nbd2 Qe7 8. Re1 0-0-0 9. b4 Bb6 10. a4 a5 11. Bd5 Nb8 12. Nc4 axb4 13. Nxb6+ cxb6 14. cxb4 Nxd5 15. exd5 Rd7 16. Be3 Na6 17. Bxb6 Kb8 18. b5 Nc7 19. Bxc7+ Rxc7 20. a5 Rc5 21. b6 Rxd5 22. a6 Rc8 23. axb7 Qxb7 24. Qb3 Bxf3 25. gxf3 Rdc5 26. d4 exd4 27. Ra7 Qd5 28. Qxd5 Rxd5 29. Ree7 Rc1+ 30. Kg2 Rb5 31. Reb7+ Kc8 32. Rxf7 Kb8 33. Rfb7+ Kc8 34. Rxg7 Kb8 35. Rgb7+ Kc8 36. Rxh7 Kb8 37. Rhb7+ Kc8 38. Rc7+ Rxc7 39. Rxc7+ Kb8 40. f4 d3 41. Kf3 Rh5 42. Ke3 Rh3+ 43. Kd2 Rf3 44. Rf7 Rxf2+ 45. Kxd3 Rxh2 46. Kc4 Rd2 47. Kb5 Rc2 48. Rd7 Rf2 49. Kc6 Rc2+ 50. Kxd6 Rd2+ 51. Ke6 Re2+ 52. Kf6 Rb2 53. Rd6 Kb7 54. f5 Ka6 55. Ke7 Kb5 56. f6 Kc5 57. Re6 Rh2 58. f7 Rh7 59. b7 1-0

[Event "Charlesbourg Zukertort"]
[Site "Charlesbourg"]
[Date "2012.05.21"]
[Round "4"]
[White "Rouleau, Claude"]
[Black "Beaudoin, Stephane"]
[Result "1-0"]
[WhiteElo "1550"]
[BlackElo "2085"]
[PlyCount "65"]
[EventDate "2012.04.30"]
[EventType "swiss"]
[EventRounds "5"]
[EventCountry "CAN"]
[SourceTitle "EXT 2022"]
[Source "ChessBase"]
[SourceDate "2021.10.06"]
[SourceVersion "1"]
[SourceVersionDate "2021.10.06"]
[SourceQuality "1"]

1. e4 g6 2. d4 Bg7 3. Nf3 d6 4. Be2 Nf6 5. Nc3 0-0 6. 0-0 Na6 7. Bxa6 bxa6 8. Qd3 Rb8 9. b3 Bb7 10. Re1 Rc8 11. Nd2 e5 12. d5 Nh5 13. Nf3 h6 14. Be3 f5 15. g3 Qf6 16. exf5 gxf5 17. Nh4 e4 18. Qe2 Qf7 19. Qd2 f4 20. Bxa7 Rce8 21. Bd4 e3 22. fxe3 Bxd4 23. Qxd4 fxg3 24. Qg4+ Kh7 25. Rf1 Qg7 26. Qxh5 gxh2+ 27. Kxh2 Re5 28. Nf5 Qg6 29. Qxg6+ Kxg6 30. Nh4+ Kh5 31. Rxf8 Rxe3 32. Nd1 Re4 33. Ng2 1-0

[Event "Charlesbourg Keres"]
[Site "Charlesbourg"]
[Date "2012.04.23"]
[Round "5"]
[White "Plante, Rejean"]
[Black "Beaudoin, Stephane"]
[Result "1/2-1/2"]
[WhiteElo "2030"]
[BlackElo "2049"]
[PlyCount "138"]
[EventDate "2012.03.26"]
[EventType "swiss"]
[EventRounds "5"]
[EventCountry "CAN"]
[SourceTitle "EXT 2022"]
[Source "ChessBase"]
[SourceDate "2021.10.06"]
[SourceVersion "1"]
[SourceVersionDate "2021.10.06"]
[SourceQuality "1"]

1. d4 Nf6 2. c4 g6 3. Nc3 Bg7 4. e4 d6 5. h3 0-0 6. Nf3 c5 7. Be3 cxd4 8. Nxd4 Na6 9. Be2 Nc5 10. Qc2 a6 11. 0-0 Ne8 12. Rad1 Bd7 13. b4 Ne6 14. Nb3 Bc6 15. Nd5 Bxd5 16. cxd5 Rc8 17. Qb1 N6c7 18. a4 Qd7 19. Qa2 e6 20. Na5 exd5 21. exd5 Nf6 22. Nxb7 Rb8 23. Nxd6 Rxb4 24. Nc4 Qxa4 25. Qxa4 Rxa4 26. d6 Ne6 27. d7 Ne4 28. Nb6 Rb4 29. Bxa6 Nc3 30. Rd3 Ne2+ 31. Kh1 N2f4 32. Rdd1 Bd4 33. Nc8 Bxe3 34. fxe3 Nh5 35. Kg1 Ng3 36. Ne7+ Kg7 37. Rf3 Ne4 38. Nc6 Ra4 39. Bb7 Nd8 40. Nxd8 Rxd8 41. Bc8 Nc5 42. Rd5 Ne6 43. Rf1 Kf8 44. Rc1 Ra7 45. Rc4 Nc7 46. Re5 Ne6 47. g4 Ra1+ 48. Kg2 Rd1 49. g5 Ke7 50. Rh4 Rd2+ 51. Kf3 Kd6 52. Ra5 Rd5 53. Rxd5+ Kxd5 54. Rg4 Ke5 55. h4 Rf8 56. Ba6 Kd6 57. Bb5 f6 58. gxf6 Rxf6+ 59. Ke2 Rf8 60. Rc4 Nc5 61. e4 Ne6 62. Rc8 Nd8 63. Ke3 Ke7 64. Rc5 Rf6 65. e5 Rb6 66. Rd5 h6 67. Ke4 Ne6 68. Rd6 Rxd6 69. exd6+ Kxd6 1/2-1/2

[Event "Charlesbourg Keres"]
[Site "Charlesbourg"]
[Date "2012.04.02"]
[Round "2"]
[White "Beaudoin, Stephane"]
[Black "Fecteau, Martin"]
[Result "1-0"]
[WhiteElo "2049"]
[BlackElo "1961"]
[PlyCount "69"]
[EventDate "2012.03.26"]
[EventType "swiss"]
[EventRounds "5"]
[EventCountry "CAN"]
[SourceTitle "EXT 2022"]
[Source "ChessBase"]
[SourceDate "2021.10.06"]
[SourceVersion "1"]
[SourceVersionDate "2021.10.06"]
[SourceQuality "1"]

1. e4 c5 2. Nf3 e6 3. d4 cxd4 4. Nxd4 a6 5. Be3 Nc6 6. Nc3 Qc7 7. Bd3 Nf6 8. 0-0 b5 9. Nxc6 dxc6 10. a4 b4 11. Nb1 c5 12. Nd2 Bb7 13. b3 Be7 14. f4 0-0 15. Qf3 g6 16. Qh3 Rfe8 17. Rae1 Bf8 18. e5 Nh5 19. Be4 f5 20. Bxb7 Qxb7 21. Nc4 Qc7 22. Qf3 Red8 23. a5 Rab8 24. Rd1 Ng7 25. Nb6 Rxd1 26. Rxd1 Rd8 27. Kf2 Be7 28. Rxd8+ Qxd8 29. Ke2 Ne8 30. Qc6 Kf7 31. Nc8 Bf8 32. Bxc5 Bxc5 33. Qxc5 Nc7 34. Nd6+ Kg7 35. Qxc7+ 1-0

[Event "Charlesbourg Capablanca"]
[Site "Charlesbourg"]
[Date "2012.01.16"]
[Round "2"]
[White "Glode, Martin"]
[Black "Beaudoin, Stephane"]
[Result "1/2-1/2"]
[WhiteElo "1901"]
[BlackElo "1076"]
[PlyCount "79"]
[EventDate "2012.01.09"]
[EventType "swiss"]
[EventRounds "5"]
[EventCountry "CAN"]
[SourceTitle "EXT 2022"]
[Source "ChessBase"]
[SourceDate "2021.10.06"]
[SourceVersion "1"]
[SourceVersionDate "2021.10.06"]
[SourceQuality "1"]

1. e4 g6 2. d4 Bg7 3. Nc3 d6 4. Be3 c6 5. a4 Nd7 6. Nf3 b6 7. Bd3 c5 8. 0-0 Bb7 9. Qe2 cxd4 10. Bxd4 Ngf6 11. Nd5 0-0 12. Nxf6+ Nxf6 13. c3 e5 14. Be3 Nxe4 15. Rfd1 Nc5 16. Bc4 Qc7 17. Bd5 Bxd5 18. Rxd5 Rad8 19. Rad1 Nxa4 20. Qb5 Nc5 21. Qc4 Qe7 22. Bg5 Bf6 23. Bh6 Rfe8 24. Qg4 Ne6 25. h4 Bg7 26. Bc1 h5 27. Qb4 Nc5 28. Bg5 f6 29. Be3 Qe6 30. Qa3 e4 31. Ne1 f5 32. Qxa7 Nd3 33. Rb5 f4 34. Bxb6 Rd7 35. Qa4 Ne5 36. Qxe4 Qg4 37. f3 Qxh4 38. Bf2 Qd8 39. Qxf4 d5 40. Bd4 1/2-1/2